000 00685nam a2200181Ia 4500
003 GCL
008 140319s9999 xx 000 0 ara d
040 _aGCL /
_cGCL
082 0 4 _a224.3
_bب ت
100 1 _aالبلنسى، ابى عبدالله محمد بن ع
245 1 0 _aتفسير مبهمات القران الموسوم بصلة الجمع وعائد التذييل لموصول كتابى الاعلام والتكميل /
_cالبلنسى، ابى عبدالله محمد بن ع
700 1 _aحنيف بن حسن القاسمى
300 _aمتعدد
490 _a
650 0 4 _aالقران - تفسير
650 0 4 _aالقران - علوم
942 _2ddc
_cBK
999 _c37575
_d37575